000 01129nam a2200301 i 4500
001 000033014
003 DO-SdBNP
005 20240105085159.0
006 a||||gr|||| 00| 0
007 ta
008 110808e1986 dr ac 000 0 spa d
040 _aDO-SdBNP
_bspa
_cBNPHU
_erda
082 4 _bG633r
_222
100 1 _aGómez Monegro, Santiago
_922483
_eautor
245 1 3 _aLa reproducción poligráfica /
_cSantiago Gómez Monegro, dibujos, Marcial E. Schortborgh, Julio García, María Badía.
264 _aSanto Domingo :
_bBiblioteca Nacional,
_bDepartamento de Comunicación Social - UASD,
_c1986
300 _a129 páginas :
_bIlustraciones., retratos ;
_c22 cm.
336 _2rdacontent
_atexto
_btxt
337 _2rdamedia
_asin mediación
_bn
338 _2rdacarrier
_avolumen
_bnc
500 _aIncluye datos biográficos del autor en la solapa de la contra cubierta.
504 _aBibliografía, páginas 127 - 128
590 _aInventariado 2023 / MF
700 1 _4Schortborgh, Marcial E.,
_edibujos
700 1 _aGarcia, Julio,
_935533
_edibujo
700 1 _aBadía, María,
_edibujo
_984759
942 _2ddc
_cLBS1
999 _c32505
_d32505